Nada es para siempre = A River Runs Through It /
Norman y Paul son dos hermanos que crecen en una zona de Montana rodeado de grandes ríos y en un clima familiar donde la religión y la pesca son los complementos cotidianos en su formación, pues el padre de ellos es pastor de la comunidad. Conforme va creciendo la rivalidad y conducta de ambos los l...
Guardat en:
| Autor principal: | |
|---|---|
| Altres autors: | , , , , , , , |
| Format: | |
| Idioma: | espanyol |
| Matèries: | |
| Etiquetes: |
Sense etiquetes, Sigues el primer a etiquetar aquest registre!
|
MARC
| LEADER | 00000ngm^a2200000^a^4500 | ||
|---|---|---|---|
| 001 | 000300431 | ||
| 005 | 20250521000000.0 | ||
| 009 | 20260310112510.054 | ||
| 037 | |a Acervo ITESO - Biblioteca | ||
| 041 | |a ESP | ||
| 082 | |a 810. |b RED | ||
| 100 | |a Redford, Robert |e (realización) | ||
| 240 | 1 | 1 | |a [Nada es para siempre] |
| 245 | 1 | 0 | |a Nada es para siempre = |b A River Runs Through It / |c Realización de R. Redford. |
| 264 | 2 | |a México : |b Zima Entertainment [distribución], |c copyright fecha no identificada | |
| 300 | |a 1 DVD regiones 1 y 4 |c (119 min.) | ||
| 336 | |a imagen móvil bidimensional |b tdi |2 rdacontenido | ||
| 337 | |a video |b v |2 rdamedio | ||
| 338 | |a videodisco |b vd |2 rdasoporte | ||
| 500 | |a Basado en: El río de la vida, de Norman Maclean | ||
| 520 | |a Norman y Paul son dos hermanos que crecen en una zona de Montana rodeado de grandes ríos y en un clima familiar donde la religión y la pesca son los complementos cotidianos en su formación, pues el padre de ellos es pastor de la comunidad. Conforme va creciendo la rivalidad y conducta de ambos los llevará conflictuarse y a confrontarse con su padre, sin embargo el punto de encuentro será nuevamente el río y la pesca, lugar donde aprendieron a convivir y apreciar a la naturaleza y las enseñanzas sobre el Creador. | ||
| 520 | |a Suplementos y características especiales: pantalla de texto con sinopsis y filmografía del director Robert Redford, del productor Patrick Markey y del actor Brad Pitt. | ||
| 546 | |a En inglés, con subtítulos opcionales: español | ||
| 649 | |a XX | ||
| 650 | |a Dramas Cinematográficos | ||
| 650 | |a Cine Norteamericano - |y 1990-1999 | ||
| 650 | |a Cine Norteamericano - |y Siglo XX | ||
| 650 | |a Cine Independiente - |z EUA | ||
| 650 | |a Escritores Norteamericanos - |x Memorias - |x Adaptaciones para Cine | ||
| 650 | |a Novela Norteamericana - |x Adaptaciones para Cine | ||
| 650 | |a Memorias Norteamericanas - |x Adaptaciones para Cine | ||
| 650 | |a Literatura Norteamericana - |y Siglo XX - |x Adaptaciones para Cine | ||
| 650 | |a Literatura y Cine | ||
| 650 | |a Relaciones entre Hermanos | ||
| 650 | |a Relaciones Padres-Hijos | ||
| 650 | |a Relaciones Familiares | ||
| 650 | |a Pesca | ||
| 650 | |a Prácticas Culturales | ||
| 650 | |a EUA - |x Historia - |y 1933-1945 | ||
| 650 | |a EUA - |x Historia - |y Siglo XX | ||
| 650 | |a Maclean, Norman - |x Tema Principal | ||
| 700 | |a Friedenberg, Richard |e (guión) | ||
| 700 | |a Rousselot, Philippe |e (fotógrafo) | ||
| 700 | |a Estrin, Robert |e (montaje) | ||
| 700 | |a Klingman, Lynzee |e (montaje) | ||
| 700 | |a Isham, Mark |e (música) | ||
| 700 | |a Sheffer, Craig |e (actuación) | ||
| 700 | |a Pitt, Brad |e (actuación) | ||
| 700 | |a Skerritt, Tom |e (actuación) | ||
| 910 | |a Fondo General | ||
| 920 | |a Audiovisuales - DVDs | ||
| 940 | |a Películas | ||
| 905 | |a 302 | ||
| 901 | |a 0500197976 |b IT2 |c DVS |i C118710 |u 20250521 | ||
| 902 | |a https://opac.biblio.iteso.mx/vufind/Record/000300431 | ||